000
00201 a2200097 4500
001
7885
100
_a
Truman, H S
245
_a
Year of decisions : 1945
260
_a
_b
Hodder
_c
090
_c
6329
_d
6329
942
_a
NUST-CAE
_c
M
_c
32855
999
_c
242958
_d
242958